[Event "Arolo di Leggiuno op 4th"]
[Site "Arolo di Leggiuno"]
[Date "2015.05.10"]
[Round "4"]
[White "Castiglioni, Fabrizio"]
[Black "Modaffari, Giuseppe"]
[Result "1-0"]
[WhiteElo "1782"]
[BlackElo "1543"]
[PlyCount "95"]
[EventDate "2015.05.08"]
[EventType "swiss"]
[EventRounds "5"]
[EventCountry "ITA"]
[SourceTitle "CBM 166 Extra"]
[Source "ChessBase"]
[SourceDate "2015.06.18"]
[SourceVersion "1"]
[SourceVersionDate "2015.06.18"]
[SourceQuality "1"]

1. e4 c5 2. Nf3 d6 3. d4 cxd4 4. Nxd4 Nf6 5. Nc3 g6 6. f3 Bg7 7. Bc4 Nc6 8. Nb3 0-0 9. Be3 a6 10. Qd2 Bd7 11. 0-0-0 Rc8 12. Be2 b5 13. Bh6 Ne5 14. Bxg7 Kxg7 15. g4 Be6 16. g5 Nh5 17. f4 Nc4 18. Qd4+ f6 19. f5 Bf7 20. Bxh5 gxh5 21. gxf6+ exf6 22. Rhg1+ Kh8 23. Rg3 Ne5 24. Qxd6 Qxd6 25. Rxd6 Rc6 26. Rxc6 Nxc6 27. Nd5 Bxd5 28. exd5 Ne5 29. Nd2 Rd8 30. Ne4 h4 31. Rg2 Rf8 32. b3 Nd7 33. Kd2 Re8 34. Nd6 Re7 35. Kd3 h5 36. Kd4 Ne5 37. c4 bxc4 38. bxc4 Rc7 39. Rb2 Nf3+ 40. Kc3 Kh7 41. Rb7 Rxb7 42. Nxb7 Nxh2 43. d6 Nf3 44. d7 Kh6 45. d8Q Kg5 46. Qd3 Kg4 47. Nc5 h3 48. Ne4 1-0

[Event "Arolo di Leggiuno op 4th"]
[Site "Arolo di Leggiuno"]
[Date "2015.05.08"]
[Round "1"]
[White "Modaffari, Giuseppe"]
[Black "Schneider, Antonio"]
[Result "0-1"]
[WhiteElo "1543"]
[BlackElo "1837"]
[PlyCount "54"]
[EventDate "2015.05.08"]
[EventType "swiss"]
[EventRounds "5"]
[EventCountry "ITA"]
[SourceTitle "CBM 166 Extra"]
[Source "ChessBase"]
[SourceDate "2015.06.18"]
[SourceVersion "1"]
[SourceVersionDate "2015.06.18"]
[SourceQuality "1"]

1. e4 g6 2. d4 Bg7 3. Nf3 c5 4. Be3 cxd4 5. Bxd4 Nf6 6. Bd3 0-0 7. Nbd2 Nc6 8. Bc3 Qc7 9. 0-0 d6 10. Re1 e5 11. Nf1 Nh5 12. Ng3 Nf4 13. Bf1 h5 14. Ne2 Ne6 15. Qd2 Nc5 16. Ng3 Qe7 17. h4 Bg4 18. Nh2 Be6 19. Rad1 Rad8 20. Be2 Qxh4 21. Nf3 Qe7 22. Qg5 Bf6 23. Qh6 h4 24. Nh5 gxh5 25. Qxh5 Kg7 26. Nh2 Nxe4 27. Bd3 Rh8 0-1